000 00619nam a22002177a 4500
003 UA-OsUOA
001 39162
007 ta
008 20060613b un ||||| |||| 00| 0 ukr d
090 _a81-44
_bТ78
942 _cBK
040 _aUA-OsUOA
_brus
_cUA-OsUOA
_dUA-OsUOA
245 _aТруды по русской и славянской филологии Х11
300 _a155 с.
955 _a2
041 _arus
080 _a81-44
260 _bТАРТУ
_c1968
650 7 _a8 Мовознавство. Художня література. Літературознавство
_2UDC
999 _c325306
_d325306